[Event "Rüttenscheid- Waltrop"]
[Site "?"]
[Date "2022.11.06"]
[Round "4.1"]
[White "Eckert, Marius"]
[Black "Michalek, Christoph"]
[Result "1/2-1/2"]
[WhiteElo "2114"]
[BlackElo "2183"]
[PlyCount "74"]
[SourceDate "2022.10.02"]

1. d4 Nf6 2. Bf4 d5 3. e3 c5 4. c3 Nc6 5. Nd2 Bf5 6. Qb3 Qc8 7. dxc5 e6 8. Ngf3
Bxc5 9. Be2 O-O 10. Nh4 Be4 11. Nxe4 Nxe4 12. Nf3 Bd6 13. Bxd6 Nxd6 14. O-O Qc7
15. Rfd1 Rfd8 16. Qa4 h6 17. Qf4 Rac8 18. Bd3 Qe7 19. Ne5 Nxe5 20. Qxe5 Nc4 21.
Bxc4 Rxc4 22. Rd4 f6 23. Qh5 Rxd4 24. exd4 e5 25. Re1 e4 26. f3 Qe6 27. Qg6 e3
28. f4 Re8 29. g3 Re7 30. Kg2 Qa6 31. a3 Qb5 32. Qc2 Re4 33. Kf3 Qe8 34. Qd3
Qh5+ 35. Kg2 Qe8 36. Kf3 Qh5+ 37. Kg2 Qe8 1/2-1/2

[Event "Rüttenscheid- Waltrop"]
[Site "?"]
[Date "2022.11.06"]
[Round "4.2"]
[White "Dorgarten, Armin"]
[Black "Gasper, Joern"]
[Result "0-1"]
[WhiteElo "2062"]
[BlackElo "2057"]
[PlyCount "60"]
[SourceDate "2022.10.02"]

1. Nf3 Nf6 2. c4 e6 3. g3 d5 4. Bg2 dxc4 5. Na3 Bxa3 6. Qa4+ b5 7. Qxa3 Bb7 8.
b3 cxb3 9. Qxb3 Qd5 10. Ba3 Qxb3 11. axb3 a5 12. Nh4 Bxg2 13. Nxg2 Na6 14. O-O
b4 15. Bb2 Nc5 16. Bxf6 gxf6 17. Rfb1 Kd7 18. Ne3 Rhb8 19. f3 a4 20. bxa4 Rxa4
21. Rxa4 Nxa4 22. Kf2 b3 23. Nc4 Rb4 24. Nb2 Nxb2 25. Rxb2 Kc6 26. Ke3 Kb5 27.
Kd3 Ka4 28. Kc3 Ka3 29. Rb1 b2 30. d3 Rb6 0-1

[Event "Rüttenscheid- Waltrop"]
[Site "?"]
[Date "2022.11.06"]
[Round "4.3"]
[White "Drewes, Martin"]
[Black "Kreitling, Oliver"]
[Result "1/2-1/2"]
[WhiteElo "1942"]
[BlackElo "1897"]
[PlyCount "49"]
[SourceDate "2022.10.02"]

1. e4 c5 2. c3 e6 3. d4 cxd4 4. cxd4 Bb4+ 5. Nc3 Nf6 6. Bd3 Nc6 7. Nf3 d5 8. e5
Ne4 9. Qc2 Qa5 10. Bd2 Nxd2 11. Qxd2 O-O 12. O-O h6 13. Rac1 Bd7 14. Bb1 Be7
15. Qd3 g6 16. h4 Nb4 17. Qe3 Kg7 18. a3 Nc6 19. Ne2 Qd8 20. g3 Na5 21. Nd2 Bb5
22. Rfe1 Bxe2 23. Qxe2 h5 24. b4 Nc6 25. Qd3 1/2-1/2

[Event "Rüttenscheid- Waltrop"]
[Site "?"]
[Date "2022.11.06"]
[Round "4.4"]
[White "Furchtbar, Uwe"]
[Black "Breidenbach, Rolf"]
[Result "1/2-1/2"]
[WhiteElo "1908"]
[BlackElo "1914"]
[PlyCount "82"]
[SourceDate "2022.10.02"]

1. c4 g6 2. Nc3 Bg7 3. g3 e5 4. Bg2 Ne7 5. d3 Nbc6 6. e3 d6 7. Rb1 Be6 8. b4
Qd7 9. Nd5 O-O 10. b5 Nd8 11. Ne2 c6 12. Nxe7+ Qxe7 13. Ba3 Qd7 14. O-O c5 15.
Bb2 Bh3 16. Nc3 Bxg2 17. Kxg2 Ne6 18. Nd5 f5 19. f4 Rae8 20. Qf3 exf4 21. Nxf4
Nxf4+ 22. exf4 Re6 23. Qd5 Rfe8 24. Rf2 Qf7 25. Bxg7 Kxg7 26. Rbb2 Qe7 27. Rbd2
h5 28. h4 Re1 29. Qf3 Re3 30. Qd5 Kh6 31. Kh2 b6 32. Kg2 Qf6 33. Qb7 Qa1 34.
Qf7 R3e7 35. Qd5 Re1 36. Qf7 R8e7 37. Qd5 R7e3 38. Kh2 Rc1 39. Qg2 Ree1 40. Qd5
Re3 41. Qa8 Ree1 1/2-1/2

[Event "Rüttenscheid- Waltrop"]
[Site "?"]
[Date "2022.11.06"]
[Round "4.5"]
[White "Sehrbrock, Christoph"]
[Black "Storp, Thomas"]
[Result "1-0"]
[WhiteElo "1970"]
[BlackElo "1858"]
[PlyCount "47"]
[SourceDate "2022.10.02"]

1. e4 c5 2. Nf3 Nc6 3. d4 cxd4 4. Nxd4 a6 5. c4 e6 6. Nc3 Bb4 7. g3 Nge7 8. Bg2
Qa5 9. Nde2 Bc5 10. O-O O-O 11. b3 Nd4 12. Bb2 Nec6 13. Nf4 b5 14. cxb5 axb5
15. a4 Qb6 16. Nxb5 Nxb5 17. axb5 Rxa1 18. Qxa1 Nd4 19. b4 Nb3 20. bxc5 Qxb5
21. Qd1 Nxc5 22. Qd4 f6 23. Ba3 Nb3 24. Qb2 1-0

[Event "Rüttenscheid- Waltrop"]
[Site "?"]
[Date "2022.11.06"]
[Round "4.6"]
[White "Koprek, Juergen"]
[Black "Schmidt, Sebastian"]
[Result "0-1"]
[WhiteElo "1843"]
[BlackElo "1731"]
[PlyCount "120"]
[SourceDate "2022.10.02"]

1. d4 d5 2. c4 dxc4 3. Nf3 Nf6 4. e3 e6 5. Bxc4 c5 6. O-O Bd7 7. Nc3 cxd4 8.
exd4 Be7 9. d5 exd5 10. Nxd5 O-O 11. Nxe7+ Qxe7 12. Re1 Qb4 13. Qb3 Nc6 14. Bd2
Qxb3 15. Bxb3 Bg4 16. Ne5 Nxe5 17. Rxe5 Rfe8 18. Rae1 Rxe5 19. Rxe5 Rd8 20. Bg5
Be6 21. Bc2 h6 22. Bxf6 gxf6 23. Re1 Bxa2 24. b3 Rc8 25. Bd1 Rc3 26. b4 Kf8 27.
f3 Rc1 28. Kf2 Rb1 29. Re2 Bc4 30. Rd2 Rxb4 31. Ke3 Be6 32. f4 a5 33. Rd8+ Kg7
34. Ra8 b6 35. Ra7 Bb3 36. Bf3 a4 37. g3 Bc4 38. Bd1 b5 39. h4 Rb2 40. Bxa4
bxa4 41. Rxa4 Rb3+ 42. Kf2 Bd5 43. g4 Rf3+ 44. Ke2 Rh3 45. f5 Rxh4 46. Rd4 Rh2+
47. Ke3 Bb7 48. Rb4 Bd5 49. Rf4 Rb2 50. Rd4 Rb3+ 51. Kf2 Bb7 52. Rf4 Kf8 53.
Rc4 Ke8 54. Rd4 Rf3+ 55. Ke2 Rh3 56. Rb4 Bc6 57. Rd4 h5 58. gxh5 Rxh5 59. Rd6
Bb5+ 60. Ke3 Rxf5 0-1

[Event "Rüttenscheid- Waltrop"]
[Site "?"]
[Date "2022.11.06"]
[Round "4.7"]
[White "Meier, Jan"]
[Black "Richters, Marc"]
[Result "0-1"]
[WhiteElo "1685"]
[BlackElo "1915"]
[PlyCount "100"]
[SourceDate "2022.10.02"]

1. d4 Nf6 2. Bg5 c5 3. d5 Qb6 4. Nc3 d6 5. e4 a6 6. Nf3 Qxb2 7. Bd2 Qb6 8. Rb1
Qc7 9. a4 g6 10. Bd3 Nbd7 11. Qe2 Ng4 12. Nd1 Nge5 13. Nxe5 Nxe5 14. Ne3 Bg7
15. c4 Nxd3+ 16. Qxd3 O-O 17. O-O Bd7 18. a5 f5 19. exf5 Bxf5 20. Nxf5 Rxf5 21.
Qb3 Bd4 22. Qxb7 Qxb7 23. Rxb7 Raf8 24. Be1 Re5 25. g3 e6 26. dxe6 Rxe6 27. Rb6
Re2 28. Rxa6 Rfe8 29. Rxd6 Rxe1 30. a6 R1e6 31. Rxe6 Rxe6 32. Kg2 Rxa6 33. f4
Ra2+ 34. Kf3 Rc2 35. Rb1 Kg7 36. g4 Rxh2 37. Ke4 Rb2 38. Re1 Kf6 39. Kd5 Rg2
40. g5+ Kf5 41. Rb1 Kxf4 42. Rb7 Rxg5+ 43. Ke6 Re5+ 44. Kd6 g5 45. Rf7+ Rf5 46.
Rxh7 g4 47. Rh1 g3 48. Rf1+ Bf2 49. Ke6 Re5+ 50. Kf6 Re1 0-1

[Event "Rüttenscheid- Waltrop"]
[Site "?"]
[Date "2022.11.06"]
[Round "4.8"]
[White "Berger, Nils"]
[Black "Kappelhoff, Pius"]
[Result "1/2-1/2"]
[WhiteElo "1825"]
[BlackElo "1627"]
[PlyCount "133"]
[SourceDate "2022.10.02"]

1. e4 c6 2. d4 d5 3. exd5 cxd5 4. Bd3 Nc6 5. c3 Nf6 6. Bf4 Qb6 7. Qb3 Qxb3 8.
axb3 Bg4 9. Nd2 e6 10. Ngf3 Nh5 11. Be3 Bd6 12. h3 Bxf3 13. Nxf3 Nf4 14. Bxf4
Bxf4 15. O-O O-O 16. b4 b6 17. g3 Bd6 18. Ba6 Nd8 19. Bb5 f6 20. Ra6 Rf7 21.
Rfa1 Rb7 22. Ne1 Kf7 23. Nc2 h5 24. b3 g5 25. c4 dxc4 26. bxc4 Bc7 27. d5 exd5
28. cxd5 Be5 29. R1a2 Ke7 30. Bc6 Nxc6 31. dxc6 Rc7 32. b5 Kd6 33. Na3 Kc5 34.
Rc2+ Kb4 35. Rc4+ Kb3 36. Rca4 Bc3 37. Nc4 Ba5 38. R4xa5 Kxc4 39. Rxb6 axb6 40.
Rxa8 Kxb5 41. Rh8 Rxc6 42. Rxh5 Ka4 43. h4 gxh4 44. Rxh4+ Ka3 45. Rh5 Ka4 46.
Rh4+ Ka3 47. Rh5 Rc5 48. Rh6 Rf5 49. g4 Rf4 50. g5 Rg4+ 51. Kf1 Rxg5 52. Rxf6
b5 53. f4 Rg8 54. f5 b4 55. Ra6+ Kb2 56. f6 b3 57. f7 Rf8 58. Ra7 Kc1 59. Ke2
b2 60. Rc7+ Kb1 61. Rb7 Ra8 62. Ra7 Rc8 63. Kd2 Rd8+ 64. Ke2 Rc8 65. Kd2 Rc2+
66. Ke3 Rc8 67. Kd2 1/2-1/2

[Event "Ahlen- Brackel 3"]
[Site "?"]
[Date "2022.11.06"]
[Round "4.1"]
[White "Bree, Thomas"]
[Black "Huckebrink, Chris"]
[Result "1/2-1/2"]
[WhiteElo "2195"]
[BlackElo "2096"]
[PlyCount "73"]
[SourceDate "2022.10.02"]

1. d4 Nf6 2. c4 e6 3. g3 c5 4. Nf3 d5 5. Bg2 dxc4 6. O-O Nc6 7. Ne5 Nxe5 8.
dxe5 Qxd1 9. Rxd1 Nd5 10. Nc3 Nxc3 11. bxc3 Be7 12. Rb1 Rb8 13. Bc6+ Kf8 14.
Bb5 b6 15. Bxc4 g5 16. a4 Kg7 17. Be3 Rd8 18. Rxd8 Bxd8 19. Bxc5 Bd7 20. Bd6
Rc8 21. Bb5 Bxb5 22. axb5 Rxc3 23. Ra1 g4 24. Rxa7 Rb3 25. Ra4 h5 26. Rb4 Rc3
27. Rb2 Kg6 28. Kg2 Bg5 29. f4 gxf3+ 30. exf3 Bc1 31. Rb1 Rc2+ 32. Kh3 Be3 33.
Re1 Bd4 34. Rd1 Be3 35. Re1 Bd4 36. Rd1 Be3 37. Re1 1/2-1/2

[Event "Ahlen- Brackel 3"]
[Site "?"]
[Date "2022.11.06"]
[Round "4.2"]
[White "Steinle, Carsten"]
[Black "Skabs, Denis"]
[Result "1-0"]
[WhiteElo "2082"]
[BlackElo "2021"]
[PlyCount "113"]
[SourceDate "2022.10.02"]

1. Nf3 g6 2. d4 Bg7 3. Bf4 Nf6 4. e3 O-O 5. h3 d6 6. Bc4 b6 7. O-O Bb7 8. Nbd2
Nbd7 9. Qe2 Ne4 10. Rfd1 e6 11. Ba6 Bxa6 12. Qxa6 Nxd2 13. Rxd2 Qc8 14. Qd3 e5
15. dxe5 Nxe5 16. Nxe5 dxe5 17. Bg5 h6 18. Be7 Re8 19. Qd7 e4 20. c3 Be5 21.
Rad1 Qxd7 22. Rxd7 Rac8 23. R1d5 Bg7 24. Kf1 a5 25. Ke2 c6 26. Rd2 Be5 27. Bd8
b5 28. Bxa5 Ra8 29. Rd8 Kg7 30. Rxe8 Rxe8 31. Rd8 Re6 32. Bb4 f5 33. Bf8+ Kf6
34. Bxh6 c5 35. Bf8 Ra6 36. a3 b4 37. axb4 cxb4 38. Bxb4 Ra2 39. Rd2 g5 40. Bd6
f4 41. Bxe5+ Kxe5 42. b4 Ra1 43. c4 Rb1 44. b5 Rc1 45. Rd5+ Ke6 46. Rxg5 Rc2+
47. Ke1 fxe3 48. fxe3 Rxc4 49. Kf2 Rc3 50. h4 Kf6 51. g4 Rb3 52. Rc5 Rb1 53. h5
Ke6 54. Kg3 Rf1 55. Rf5 Re1 56. Kf4 Rg1 57. Rg5 1-0

[Event "Ahlen- Brackel 3"]
[Site "?"]
[Date "2022.11.06"]
[Round "4.3"]
[White "Bungarten, Jona"]
[Black "Torres- Kuckel, Rafael"]
[Result "1-0"]
[WhiteElo "2010"]
[BlackElo "2096"]
[PlyCount "55"]
[SourceDate "2022.10.02"]

1. e4 c5 2. d4 cxd4 3. c3 d5 4. exd5 Qxd5 5. cxd4 Nc6 6. Nf3 e6 7. Nc3 Qd8 8.
Bc4 Nf6 9. O-O Be7 10. a3 O-O 11. Re1 a6 12. d5 exd5 13. Nxd5 Nxd5 14. Bxd5 Bf6
15. Qb3 Ne7 16. Be4 Qc7 17. g3 Nc6 18. Bf4 Qa5 19. Rad1 Qb5 20. Qc2 Qxb2 21.
Bxh7+ Kh8 22. Qc5 Bg4 23. Be4 Rfe8 24. Kg2 Qb5 25. Rc1 Qxc5 26. Rxc5 Rac8 27.
Bxc6 Bxf3+ 28. Bxf3 1-0

[Event "Ahlen- Brackel 3"]
[Site "?"]
[Date "2022.11.06"]
[Round "4.4"]
[White "Volesky, Alexander"]
[Black "Althoff, Ralph"]
[Result "0-1"]
[WhiteElo "2073"]
[BlackElo "1951"]
[PlyCount "110"]
[SourceDate "2022.10.02"]

1. e4 c5 2. Nf3 g6 3. d4 cxd4 4. Nxd4 Nc6 5. Nc3 Bg7 6. Be3 Nf6 7. Bc4 O-O 8.
Bb3 Re8 9. O-O d6 10. h3 Na5 11. Re1 a6 12. Qd3 b5 13. Nd5 Nd7 14. Bg5 h6 15.
Bh4 g5 16. Bg3 Bb7 17. Nf5 Ne5 18. Qe2 e6 19. Nxg7 Kxg7 20. Nb4 Qf6 21. Rad1
Red8 22. Nd3 Ng6 23. e5 dxe5 24. Nxe5 Nf4 25. Bxf4 Qxf4 26. Nd3 Qf5 27. c3 Nxb3
28. axb3 Bd5 29. b4 Bb3 30. Rd2 Bc4 31. Red1 Rd5 32. Qe3 Bb3 33. Re1 Rad8 34.
Nc5 Rxd2 35. Nxb3 Rd1 36. Nd4 Rxe1+ 37. Qxe1 Qf4 38. Qd1 Qf6 39. g4 Kg8 40. Qe2
Rd5 41. Qe4 Qe5 42. Qf3 Qf4 43. Qe2 Re5 44. Qd1 Qe4 45. Nc2 Rd5 46. Qc1 Qe2 47.
Nd4 Qd3 48. Qa1 Qxh3 49. f3 Qg3+ 50. Kf1 Re5 51. Qd1 Qh2 52. Qd3 Qh1+ 53. Kf2
Re1 54. Ne2 Rf1+ 55. Kg3 Qh4+ 0-1

[Event "Ahlen- Brackel 3"]
[Site "?"]
[Date "2022.11.06"]
[Round "4.5"]
[White "Al Tarboush, Hussam"]
[Black "Woestmann, Ulrich"]
[Result "0-1"]
[WhiteElo "2053"]
[BlackElo "1992"]
[PlyCount "74"]
[SourceDate "2022.10.02"]

1. e4 c5 2. Nf3 d6 3. Bb5+ Nc6 4. O-O Bd7 5. Re1 e5 6. c3 a6 7. Bf1 Bg4 8. h3
Bxf3 9. Qxf3 Qf6 10. Qd1 Qd8 11. Na3 Nf6 12. Nc2 g6 13. b4 Bg7 14. Rb1 Qc7 15.
d4 cxb4 16. cxb4 O-O 17. a4 Nxd4 18. Nxd4 exd4 19. Qxd4 Rfe8 20. Qd3 d5 21. e5
Ne4 22. f4 Rad8 23. Bb2 Qe7 24. Bd4 f6 25. exf6 Bxf6 26. Bb6 Rd7 27. g3 Bc3 28.
Rxe4 Qxe4 29. Qd1 d4 30. Bg2 Qxb1 31. Qxb1 Re1+ 32. Qxe1 Bxe1 33. g4 Bxb4 34.
Kf1 d3 35. Bf3 d2 36. Bd1 Re7 37. Bf2 Re1+ 0-1

[Event "Ahlen- Brackel 3"]
[Site "?"]
[Date "2022.11.06"]
[Round "4.6"]
[White "Busche, Klaus"]
[Black "Bense, Dirk"]
[Result "1/2-1/2"]
[WhiteElo "1957"]
[BlackElo "1990"]
[PlyCount "128"]
[SourceDate "2022.10.02"]

1. d4 Nf6 2. Bf4 d5 3. e3 e6 4. Nd2 c5 5. c3 Bd6 6. Bg3 O-O 7. Ngf3 Nc6 8. Bd3
b6 9. e4 Be7 10. e5 Nd7 11. h4 f5 12. Bf4 Qe8 13. a3 a5 14. Qe2 Bb7 15. Qe3 c4
16. Be2 b5 17. Bg5 Nb6 18. h5 Na4 19. h6 g6 20. O-O Nd8 21. Rfb1 Bc6 22. Bd1
Nf7 23. Bf6 Qd8 24. Bg7 Re8 25. Nf1 Bf8 26. g4 Bxg7 27. hxg7 fxg4 28. N3h2 Qg5
29. Qxg5 Nxg5 30. Nxg4 Kxg7 31. Kg2 h5 32. Nf6 Re7 33. f3 Nh7 34. Nxh7 Kxh7 35.
Bxa4 bxa4 36. Ne3 Rb8 37. Ra2 Reb7 38. Nd1 g5 39. Rc1 Rf8 40. Rc2 Rbf7 41. Rf2
g4 42. fxg4 hxg4 43. Rxf7+ Rxf7 44. Ne3 Rf4 45. Ra1 Kg6 46. Rh1 Be8 47. Rh4 Kg5
48. Rh8 Bg6 49. Rg8 Re4 50. Kf2 g3+ 51. Kf3 Kh6 52. Ng2 Bf7 53. Rb8 Kg5 54.
Kxg3 Re2 55. Rb7 Bh5 56. Rb8 Rd2 57. Rg8+ Kf5 58. Rf8+ Kg5 59. Rg8+ Kf5 60.
Rf8+ Kg5 61. Rf2 Rxf2 62. Kxf2 Kg4 63. Ke3 Bg6 64. Ne1 Be4 1/2-1/2

[Event "Ahlen- Brackel 3"]
[Site "?"]
[Date "2022.11.06"]
[Round "4.7"]
[White "Tomasjan, Samuel"]
[Black "Starp, Klaus"]
[Result "1-0"]
[WhiteElo "1776"]
[BlackElo "1978"]
[PlyCount "59"]
[SourceDate "2022.10.02"]

1. e4 c5 2. c3 d5 3. exd5 Qxd5 4. d4 Nc6 5. Nf3 Bg4 6. Be2 cxd4 7. cxd4 e6 8.
O-O Nf6 9. Nc3 Qa5 10. Be3 Be7 11. Nd2 Bxe2 12. Qxe2 O-O 13. Nb3 Qf5 14. Rfd1
Rfd8 15. Rac1 Nb4 16. f3 h5 17. Bf2 Nbd5 18. Nc5 b6 19. Nd3 Bd6 20. Ne4 Bf4 21.
Rc2 Rac8 22. Rxc8 Rxc8 23. g3 Bb8 24. Rc1 Rxc1+ 25. Nxc1 Ne7 26. Kg2 Qd5 27. b3
Nd7 28. Nd3 Nc6 29. Qd2 Nxd4 30. Nb4 1-0

[Event "Ahlen- Brackel 3"]
[Site "?"]
[Date "2022.11.06"]
[Round "4.8"]
[White "Jaeger, Niklas"]
[Black "Seref, Serkan"]
[Result "1/2-1/2"]
[WhiteElo "1750"]
[BlackElo "1747"]
[PlyCount "54"]
[SourceDate "2022.10.02"]

1. d4 e6 2. Bf4 f5 3. e3 Nf6 4. Nf3 b6 5. Nbd2 Bb7 6. Bd3 Be7 7. c3 O-O 8. h3
Ne4 9. Qc2 d5 10. O-O c5 11. Ne5 Nd7 12. Nxe4 fxe4 13. Be2 Nxe5 14. Bxe5 Bf6
15. f4 Bxe5 16. fxe5 Qg5 17. Qd2 Rad8 18. Bg4 Bc8 19. Rae1 h5 20. Bd1 Ba6 21.
Be2 Bxe2 22. Qxe2 c4 23. Rxf8+ Rxf8 24. Rf1 Rxf1+ 25. Kxf1 Qf5+ 26. Ke1 Qg5 27.
Qf2 h4 1/2-1/2

[Event "Recklinghäuser SV - SV Welper"]
[Site "Verbandsklasse, Gr. 1 2022/20"]
[Date "2023.02.12"]
[Round "4.1"]
[White "Marx, Patrick"]
[Black "Callenberg, Ralf"]
[Result "1/2-1/2"]
[WhiteElo "1963"]
[BlackElo "2046"]
[PlyCount "69"]
[EventDate "2023.??.??"]
[SourceDate "2022.10.02"]
[WhiteTeam "SV Welper 2"]
[BlackTeam "RecklinghÃ¤user SV SÃ¼d/Ost 1"]

1. d4 Nf6 2. Nf3 g6 3. Bg5 Ne4 4. Bh4 Bg7 5. e3 c5 6. c3 O-O 7. Bd3 d5 8. Nbd2
Bf5 9. Qc2 cxd4 10. exd4 Nxd2 11. Qxd2 Be4 12. Qe2 Bxf3 13. Qxf3 Nc6 14. O-O
Qd7 15. Bg3 Rac8 16. Rfe1 a6 17. a4 Na5 18. h4 Rfe8 19. h5 Nb3 20. Ra2 Nd2 21.
Qd1 Nc4 22. hxg6 hxg6 23. Bxc4 Rxc4 24. Qb3 Rec8 25. Raa1 Bf6 26. f3 Kg7 27.
Be5 Bxe5 28. Rxe5 e6 29. f4 Rh8 30. Qd1 Qd8 31. g3 Rh3 32. Qf3 Qh8 33. Re2 Qh6
34. Kf2 Rh2+ 35. Ke3 1/2-1/2

[Event "Recklinghäuser SV - SV Welper"]
[Site "Verbandsklasse, Gr. 1 2022/20"]
[Date "2023.02.12"]
[Round "4.2"]
[White "Mecklenburg, Roland"]
[Black "Teich, Udo"]
[Result "0-1"]
[WhiteElo "1962"]
[BlackElo "1846"]
[PlyCount "64"]
[EventDate "2023.??.??"]
[SourceDate "2022.10.02"]
[WhiteTeam "RecklinghÃ¤user SV SÃ¼d/Ost 1"]
[BlackTeam "SV Welper 2"]

1. b3 e5 2. Bb2 Nc6 3. e3 Nf6 4. Bb5 d6 5. Ne2 Bd7 6. O-O a6 7. Bxc6 Bxc6 8. f4
exf4 9. Nxf4 Be7 10. Nc3 Qd7 11. d3 d5 12. Nce2 Qd6 13. Nd4 Bd7 14. Nf3 c5 15.
Qd2 O-O 16. Rae1 Rae8 17. h3 Bd8 18. Nh2 Bc6 19. Qe2 d4 20. e4 Bc7 21. Ng4 Nxg4
22. Qxg4 Bd7 23. Qg5 f5 24. Bc1 h6 25. Qh5 Re5 26. Ng6 Be8 27. exf5 Rxe1 28.
Rxe1 Qh2+ 29. Kf1 Bg3 30. Ke2 Qxg2+ 31. Kd1 Bxe1 32. Kxe1 Bxg6 0-1

[Event "Recklinghäuser SV - SV Welper"]
[Site "Verbandsklasse, Gr. 1 2022/20"]
[Date "2023.02.12"]
[Round "4.3"]
[White "Leimkühler, Dirk"]
[Black "Blayvas, Jan"]
[Result "0-1"]
[WhiteElo "1845"]
[BlackElo "2087"]
[PlyCount "92"]
[EventDate "2023.??.??"]
[SourceDate "2022.10.02"]
[WhiteTeam "SV Welper 2"]
[BlackTeam "RecklinghÃ¤user SV SÃ¼d/Ost 1"]

1. f4 d5 2. Nf3 Bg4 3. Ne5 Bf5 4. d3 f6 5. Nf3 Nc6 6. g3 e6 7. Bg2 Bc5 8. e3
Nge7 9. Qe2 O-O 10. h3 e5 11. e4 dxe4 12. dxe4 Be6 13. f5 Bf7 14. c3 Qd7 15.
Be3 Bxe3 16. Qxe3 Rfd8 17. Nbd2 Qd3 18. Qxd3 Rxd3 19. Bf1 Rd7 20. Bc4 Rad8 21.
Ke2 Nc8 22. g4 Nb6 23. Bxf7+ Kxf7 24. g5 Na4 25. Rab1 Nc5 26. Rhg1 Nd3 27. h4
Nf4+ 28. Ke1 Rd3 29. h5 Re3+ 30. Kf1 Nxh5 31. gxf6 Kxf6 32. Kf2 Red3 33. Nb3 b6
34. Ng5 Rh8 35. Ne6 g6 36. Nxc7 gxf5 37. Nd5+ Ke6 38. Rg5 fxe4 39. Rxh5 Kxd5
40. Rh6 Rf8+ 41. Ke2 Rg8 42. c4+ Kxc4 43. Rc1+ Kb5 44. Rcxc6 Rg2+ 45. Kf1 Rxb2
46. a4+ Kxa4 0-1

[Event "Recklinghäuser SV - SV Welper"]
[Site "Verbandsklasse, Gr. 1 2022/20"]
[Date "2023.02.12"]
[Round "4.4"]
[White "Stahlhofen, Thomas"]
[Black "Sharma, Rakesh"]
[Result "1-0"]
[WhiteElo "1814"]
[BlackElo "1795"]
[PlyCount "61"]
[EventDate "2023.??.??"]
[SourceDate "2022.10.02"]
[WhiteTeam "RecklinghÃ¤user SV SÃ¼d/Ost 1"]
[BlackTeam "SV Welper 2"]

1. d4 c6 2. e4 d5 3. f3 g6 4. Be3 Bg7 5. Qd2 e5 6. exd5 exd4 7. Bxd4 Qh4+ 8.
Bf2 Qe7+ 9. Ne2 Bxb2 10. Bd4 Bxa1 11. Bxa1 f6 12. Nbc3 Bf5 13. g4 Bd7 14. Kf2
Na6 15. d6 Qe5 16. Ng3 Qc5+ 17. Kg2 h5 18. Bd3 O-O-O 19. Nce4 Qd5 20. c4 Qf7
21. c5 Qd5 22. g5 Nxc5 23. Nxc5 Qxc5 24. Ne4 Qd5 25. gxf6 Nh6 26. Qc3 Qxa2+ 27.
Bb2 Nf5 28. Ra1 Ne3+ 29. Kg1 Qd5 30. Rxa7 Bf5 31. Nc5 1-0

[Event "Recklinghäuser SV - SV Welper"]
[Site "Verbandsklasse, Gr. 1 2022/20"]
[Date "2023.02.12"]
[Round "4.5"]
[White "Heidt, Viktor"]
[Black "Balke, Heinrich"]
[Result "1/2-1/2"]
[WhiteElo "1754"]
[BlackElo "1808"]
[PlyCount "54"]
[EventDate "2023.??.??"]
[SourceDate "2022.10.02"]
[WhiteTeam "SV Welper 2"]
[BlackTeam "RecklinghÃ¤user SV SÃ¼d/Ost 1"]

1. c4 Nf6 2. Nc3 d5 3. cxd5 Nxd5 4. Nf3 g6 5. g3 Bg7 6. Bg2 O-O 7. O-O c5 8. d4
cxd4 9. Nxd4 Nxc3 10. bxc3 Nd7 11. Ba3 Re8 12. Rb1 Nb6 13. Qd3 e5 14. Nb5 Bf5
15. Be4 Qxd3 16. exd3 Bxe4 17. dxe4 Nc4 18. Bc1 Red8 19. Nc7 Rac8 20. Nd5 Rd7
21. Rd1 Kf8 22. Kf1 f6 23. Ke2 Kf7 24. Be3 b6 25. f3 Bf8 26. a4 Ke6 27. g4 g5
1/2-1/2

[Event "Recklinghäuser SV - SV Welper"]
[Site "Verbandsklasse, Gr. 1 2022/20"]
[Date "2023.02.12"]
[Round "4.6"]
[White "Hillebrand, Elmar"]
[Black "Nürnberger, David"]
[Result "1/2-1/2"]
[WhiteElo "1746"]
[BlackElo "1601"]
[PlyCount "139"]
[EventDate "2023.??.??"]
[SourceDate "2022.10.02"]
[WhiteTeam "RecklinghÃ¤user SV SÃ¼d/Ost 1"]
[BlackTeam "SV Welper 2"]

1. e4 c5 2. Nf3 d6 3. d4 cxd4 4. Nxd4 Nf6 5. Nc3 g6 6. Be2 Bg7 7. Be3 O-O 8.
Qd2 Nc6 9. h3 d5 10. exd5 Nxd5 11. Nxd5 Qxd5 12. Bf3 Qd7 13. O-O-O Ne5 14. Be2
Qd5 15. Kb1 Nc4 16. Bxc4 Qxc4 17. Qd3 Qd5 18. Nf3 Qa5 19. Qd5 Qb4 20. Nd4 e5
21. Qb3 Qa5 22. Qb5 Qc7 23. Nb3 Bf5 24. Qc5 Rfc8 25. Rd2 Bf8 26. Qxc7 Rxc7 27.
a3 b6 28. Rhd1 Rac8 29. Na1 Be7 30. b4 Rc3 31. Kb2 R8c4 32. Bh6 f6 33. Be3 a5
34. Bxb6 axb4 35. axb4 Bxb4 36. Rd8+ Kg7 37. Ra8 Bxc2 38. Rd7+ Kh6 39. Be3+ g5
40. Raa7 Be4 41. h4 Rc6 42. Ra4 Bf5 43. hxg5+ fxg5 44. Rd5 Bd6 45. Rxd6+ Rxd6
46. Kxc3 Kg6 47. Rb4 h5 48. Rb6 Rxb6 49. Bxb6 h4 50. Bd8 h3 51. gxh3 Bxh3 52.
Kd2 Kf5 53. Ke3 Bg2 54. Nc2 g4 55. Bh4 Bb7 56. Ne1 Be4 57. Bg3 Bb1 58. Nd3 Ba2
59. Bxe5 Bc4 60. Bg3 Bd5 61. Nc5 Bc6 62. Nb3 Ba8 63. Nd4+ Kg5 64. Bc7 Bd5 65.
Bd8+ Kh5 66. Kf4 Bb7 67. Nf5 Bf3 68. Kg3 Bd1 69. Nd4 Ba4 70. Kf4 1/2-1/2

[Event "Recklinghäuser SV - SV Welper"]
[Site "Verbandsklasse, Gr. 1 2022/20"]
[Date "2023.02.12"]
[Round "4.7"]
[White "Wallhof, Dieter"]
[Black "Feldhaus, Tom"]
[Result "1/2-1/2"]
[WhiteElo "1793"]
[BlackElo "1677"]
[PlyCount "47"]
[EventDate "2023.??.??"]
[SourceDate "2022.10.02"]
[WhiteTeam "SV Welper 2"]
[BlackTeam "RecklinghÃ¤user SV SÃ¼d/Ost 1"]

1. Nf3 d6 2. d4 Bg4 3. Nbd2 e6 4. b3 d5 5. Bb2 Nf6 6. a3 c5 7. e3 Nc6 8. Be2
Be7 9. dxc5 Bxc5 10. b4 Be7 11. O-O O-O 12. Rc1 Rc8 13. Qe1 a6 14. c4 dxc4 15.
Nxc4 b5 16. Ncd2 Qb6 17. Nb3 Ne4 18. Nfd4 Bxe2 19. Qxe2 Bf6 20. Nxc6 Rxc6 21.
Bxf6 Nxf6 22. Rxc6 Qxc6 23. Rc1 Qa8 24. Qc2 1/2-1/2

[Event "Recklinghäuser SV - SV Welper"]
[Site "Verbandsklasse, Gr. 1 2022/20"]
[Date "2023.02.12"]
[Round "4.8"]
[White "Hillebrand, Timo"]
[Black "Berke, Martin"]
[Result "1/2-1/2"]
[WhiteElo "1494"]
[BlackElo "1732"]
[PlyCount "39"]
[EventDate "2023.??.??"]
[SourceDate "2022.10.02"]
[WhiteTeam "RecklinghÃ¤user SV SÃ¼d/Ost 1"]
[BlackTeam "SV Welper 2"]

1. e4 c5 2. Nf3 e6 3. d4 cxd4 4. Nxd4 Nf6 5. Nc3 Nc6 6. Bg5 h6 7. Bh4 Bb4 8. f3
g5 9. Bg3 Qa5 10. Qd3 Ne5 11. Bxe5 Qxe5 12. O-O-O a6 13. Kb1 b5 14. Nc6 Qc5 15.
Nxb4 Qxb4 16. h4 gxh4 17. Rxh4 Qc5 18. Qd2 h5 19. g4 Rg8 20. gxh5 1/2-1/2

[Event "Dortmunder SV 1 - SG Drewer 1"]
[Site "Verbandsklasse, Gr. 1 2022/20"]
[Date "2022.11.06"]
[Round "4"]
[White "Mittmann, Volker"]
[Black "Schulenburg, Pit"]
[Result "1-0"]
[WhiteElo "1819"]
[BlackElo "2038"]
[PlyCount "49"]
[EventDate "2022.??.??"]
[SourceDate "2022.10.02"]

1. e4 d6 2. d4 Nf6 3. Nc3 c6 4. Be3 Qa5 5. f3 e5 6. Nge2 Nbd7 7. Qd2 b5 8. Nc1
a6 9. Nb3 Qc7 10. a4 Bb7 11. axb5 axb5 12. Rxa8+ Bxa8 13. d5 b4 14. dxc6 Qxc6
15. Nd5 Nxd5 16. exd5 Qa4 17. Bc4 Nc5 18. Bxc5 dxc5 19. O-O Qa7 20. Ra1 Qb8 21.
Qe3 Bd6 22. Bb5+ Kf8 23. Nxc5 Qxb5 24. Rxa8+ Ke7 25. Qg5+ 1-0

[Event "Dortmunder SV 1 - SG Drewer 1"]
[Site "Verbandsklasse, Gr. 1 2022/20"]
[Date "2022.11.06"]
[Round "4"]
[White "Canzler, Harald"]
[Black "Schäfer, Martin"]
[Result "1/2-1/2"]
[WhiteElo "1960"]
[BlackElo "1801"]
[PlyCount "27"]
[EventDate "2022.??.??"]
[SourceDate "2022.10.02"]

1. c4 c5 2. Nc3 Nc6 3. g3 Nf6 4. Bg2 e6 5. Nf3 d5 6. cxd5 exd5 7. d4 Be6 8. O-O
Be7 9. Bg5 c4 10. Ne5 O-O 11. e3 h6 12. Bxf6 Bxf6 13. f4 Bxe5 14. fxe5 {(=)}
1/2-1/2

[Event "Dortmunder SV 1 - SG Drewer 1"]
[Site "Verbandsklasse, Gr. 1 2022/20"]
[Date "2022.11.06"]
[Round "4"]
[White "Uhlich, Wilfried"]
[Black "Böhmfeldt, Bruno"]
[Result "1/2-1/2"]
[WhiteElo "1797"]
[BlackElo "2230"]
[PlyCount "92"]
[EventDate "2022.??.??"]
[SourceDate "2022.10.02"]

1. d4 g6 2. e4 Bg7 3. Nc3 d6 4. Be3 c6 5. Qd2 Nd7 6. Nge2 Qa5 7. f3 e6 8. Nc1
a6 9. Nb3 Qc7 10. Be2 b6 11. O-O-O Bb7 12. f4 d5 13. Bf3 f5 14. e5 Ne7 15. Qf2
a5 16. Na4 Kf7 17. h3 Ba6 18. Kb1 Bb5 19. Nc3 Bc4 20. Nd2 Ba6 21. Be2 Bxe2 22.
Qxe2 a4 23. Nf3 h6 24. g4 b5 25. Qd2 Nb6 26. Qf2 Nc4 27. Bc1 b4 28. Ne2 Rhb8
29. Ng3 Ra5 30. gxf5 gxf5 31. Nh5 b3 32. cxb3 axb3 33. a3 Qa7 34. Nxg7 Nxa3+
35. bxa3 b2 36. Qh4 bxc1=Q+ 37. Kxc1 Rc5+ 38. Kd2 Qa5+ 39. Ke2 Rc2+ 40. Nd2
Qb5+ 41. Ke1 Ng8 42. Nxf5 exf5 43. Qh5+ Ke7 44. Qg6 Rc3 45. Qg7+ Ke6 46. Qg6+
Ke7 1/2-1/2